| 000 | 00705nam a2200253 a 4500 | ||
|---|---|---|---|
| 001 | 12836 | ||
| 003 | BD-JhCC | ||
| 005 | 20230518082551.0 | ||
| 008 | 230518s2021 b |||| |||| 000 0 eng d | ||
| 020 | _a9789849563990 | ||
| 035 | _a(BD-JhCC)12836 | ||
| 040 |
_aBD-JhCC _dBD-JhCC |
||
| 041 | _aEnglish | ||
| 082 |
_a158.1 _bHAI 2021 |
||
| 100 | _aHaiat, Abir Shawkat | ||
| 245 |
_aCompetency frame work : _bthe HR DNA in Bangaldesh perspective / _cAbir Shawkat Haiat and M. Shabbir Ali |
||
| 260 |
_aDhaka : _bCatalyst, _c2021. |
||
| 300 |
_a280 p. : _c22 cm. |
||
| 504 | _aIncludes Bibliography | ||
| 650 | _aLeadership | ||
| 650 | _aSuccess | ||
| 700 | _aAli, M. Shabbir | ||
| 942 |
_2ddc _cBK |
||
| 999 |
_c12840 _d12840 |
||